LIBRARY & INFORMATION CENTRE, KCAET, TAVANUR

ONLINE PUBLIC ACCESS CATALOGUE (OPAC)

Development of methodologies for the complete utilization of poultry abattoir waste (Record no. 14066)

MARC details
000 -LEADER
fixed length control field 00347nam a22001217a 4500
082 ## - DEWEY DECIMAL CLASSIFICATION NUMBER
Classification number 631.7
Item number PAR
100 ## - MAIN ENTRY--AUTHOR NAME
Personal name Parvathy Menon
245 ## - TITLE STATEMENT
Title Development of methodologies for the complete utilization of poultry abattoir waste
260 ## - PUBLICATION, DISTRIBUTION, ETC. (IMPRINT)
Place of publication Tavanur
Name of publisher Department of LWRCE
Year of publication 2013
700 ## - ADDED ENTRY--PERSONAL NAME
Personal name Rahul S Varier
700 ## - ADDED ENTRY--PERSONAL NAME
Personal name Vishnu B (guide)
942 ## - ADDED ENTRY ELEMENTS (KOHA)
Koha item type Project Report
Holdings
Home library Current library Full call number Accession Number Koha item type
KAUAET KAUAET 631.7 PAR P270 Project Report
free website counter